| 000 | 00562nam a2200181 i 4500 | ||
|---|---|---|---|
| 001 | 141564 | ||
| 003 | ES-MaACL | ||
| 005 | 20230906200323.0 | ||
| 007 | t| | ||
| 008 | 070925s1961 sp ||||1| spa d | ||
| 080 | _a351.792(465.22) | ||
| 100 | 1 |
_aVillena Florentino, Angel. _9115244 |
|
| 245 | 1 | 3 |
_aEl canal del Cinca _b: su influencia económica en Aragón / _cpor Angel Florentino Villena. |
| 260 |
_aBarbastro ; Zaragoza : _b[s.n.], _c1961. |
||
| 300 |
_a130 p. ; _c24 cm. |
||
| 650 |
_aRiego- _zAragón. _9155579 |
||
| 852 |
_aES-MaACL _jC-22845 _bR.51396 |
||
| 999 |
_c141564 _d141564 |
||